Curso breve de bioquímica
Guardat en:
| Autor principal: | |
|---|---|
| Format: | Llibre |
| Idioma: | espanyol |
| Publicat: |
Barcelona
Omega
1983
|
| Matèries: | |
| Etiquetes: |
Afegir etiqueta
Sense etiquetes, Sigues el primer a etiquetar aquest registre!
|
MARC
| LEADER | 00000nam a2200000 a 4500 | ||
|---|---|---|---|
| 001 | UCV6068 | ||
| 003 | CL-VaPUC | ||
| 008 | 910327e19830000SP |||||||||||||||||spa|d | ||
| 082 | 0 | 4 | |a 572 |b LEH |2 21 |
| 100 | |a Lehninger, Albert L |e author |9 482335 | ||
| 245 | 1 | 0 | |a Curso breve de bioquímica |
| 300 | |a 447 p | ||
| 942 | |c BK | ||
| 945 | |d 19910327 00:00:00 | ||
| 260 | |a Barcelona |b Omega |c 1983 | ||
| 650 | 0 | |a Bioquímica |9 259492 | |
| 583 | |a last modification |c 20120924 13:44:03 |k Rodrigo Vera | ||
| 999 | |c 212315 |d 212313 | ||
| 952 | |0 0 |1 0 |4 0 |6 572_000000000000000_LEH_1983 |7 0 |8 A |9 193093 |a BIBCUR |b BIBCUR |d 2019-11-14 |i 3129144 |o 572 LEH 1983 |p 3129144 |r 2025-04-22 |w 2019-11-14 |y BK |k BCB | ||
| 952 | |0 0 |1 0 |4 0 |6 572_000000000000000_LEH_1983 |7 0 |8 A |9 193094 |a BIBCUR |b BIBCUR |d 2019-11-14 |i 3129152 |o 572 LEH 1983 |p 3129152 |r 2025-04-22 |w 2019-11-14 |y BK |k BCB | ||
| 952 | |0 0 |1 0 |4 0 |6 572_000000000000000_LEH_1983 |7 0 |8 A |9 193095 |a BIBCUR |b BIBCUR |d 2019-11-14 |i 3129160 |o 572 LEH 1983 |p 3129160 |r 2025-04-22 |w 2019-11-14 |y BK |k BCB | ||